000 00389nam a2200169Ia 4500
008 090122s9999 xx 000 0 und d
082 _b3132
_aO111:3
100 _aHopcraft
_bArthur
245 _aMid Century Men
260 _bhamish hamilton
300 _a254
600 _aHopcraft
630 _aMid Century Men
700 _aHopcraft
730 _aMid Century Men
942 _cBOOK
999 _c27210
_d27210